Una Cámara de comercio para el Maresme
Publicado:
San Jorge, núm. 73 (1r trimestre 1969), pàg 62 :
Materias:
Cambres de comerç -- Maresme
MARC
| LEADER | 00000nam a2200000Ia 4500 | ||
|---|---|---|---|
| 001 | |||
| 008 | 160829s9999 xx 000 0 cat d | ||
| 245 | |a Una Cámara de comercio para el Maresme | ||
| 260 | |a San Jorge, núm. 73 (1r trimestre 1969), pàg 62 | ||
| 650 | |a Cambres de comerç |x Maresme |9 36206 | ||
| 901 | |a Arxiu | ||
| 942 | |n 1 | ||
| 952 | |0 0 |1 0 |4 0 |7 1 |9 47221 |a Arxiu |b Arxiu |d 2016-12-01 |l 0 |r 2016-12-01 00:00:00 |w 2016-12-01 |y ARXIU | ||
| 999 | |c 51018 |d 51018 | ||